Management of radioactive wastes from the nuclear fuel cycle. Vol. 1

Saved in:
Bibliographic Details
Format: Book
Language:English
Published: Vienna : Intenational Atomic Energy Agency, 1976
Series:rz1
Online Access: Get full text
Tags: Add Tag
No Tags, Be the first to tag this record!

MARC

LEADER 00000cam a2200000 4500
003 SK-BrCVT
005 20220618083455.0
008 090910s1976 au e ||||||eng d
035 |a CVTIDWR011441 
040 |a    |b slo  |c    |d   
041 0 |a eng 
044 |a au 
245 1 0 |a Management of radioactive wastes from the nuclear fuel cycle.  |n Vol. 1 
260 3 |a Vienna :  |b Intenational Atomic Energy Agency,  |c 1976 
300 |a 397 s. 
830 |a rz1 
974 |f Knihy 
999 |c 203621  |d 203621